000 01263nam0a22002891 4500
001 rc\4600738
005 20260407091800.0
021 _aRU
_b[65-32946]
035 _a(NLR Aleph) 008666449
090 _a9093528
_c9093528
100 _a20130416d1965 |||y0rusy50 ca
101 0 _arus
102 _aRU
105 _ay z |||||
200 1 _aМетодики комплексного лечения больных на бальнеологическом курорте Усть-Качка
_eПособие для врачей
_f[Под ред. проф. П.А. Ясницкого и др.]
_gПерм. гос. мед. ин-т. Перм. совет по управлению курортами профсоюзов
205 _a2-е изд., испр. и доп.
210 _aПермь
_cКн. изд-во
_d1965
215 _a71 с.
_d20
320 _aБиблиогр.: с. 68-70
606 _aКурортотерапия
_yПермская область
_2psbo
702 1 _aЯсницкий
_bП.А.
_gПетр Алексеевич
_4340
712 0 2 _aПермский медицинский институт
_3RU\NLR\AUTH\8817267
_9307752
801 0 _aRU
_bNLR
_gpsbo
801 1 _aRU
_bELAR
_2rusmarc
852 _aNLR
_j65-4/9179
942 _cBOOK
980 _aNB